Využitie technológie Ethernet v optickej prístupovej sieti

Salvato in:
Dettagli Bibliografici
Autore principale: Slovák, Martin, 1985- (Autore)
Altri autori: Róka, Rastislav, 1972- (Relatore della tesi)
Natura: Manoscritto Libro
Lingua:slovacco
Pubblicazione: Bratislava : STU v Bratislave FEI, 2011
Soggetti:
Accesso online:VAIS
Tags: Aggiungi Tag
Nessun Tag, puoi essere il primo ad aggiungerne!!

MARC

LEADER 00000ntm a22000003a 4500
001 stu230453
005 20150617230140.5
008 110709s2011----xo------------------slo-d
040 |a STU  |b slo 
041 0 |a slo 
044 |a xo 
100 1 |a Slovák, Martin,  |d 1985-  |4 aut  |u E  |T FEI Fakulta elektrotechniky a informatiky  |X 22392  |U E  |Y 30  |7 A000022392 
242 0 0 |a Utilization of Ethernet technology in optical access networks  |y eng 
245 1 |a Využitie technológie Ethernet v optickej prístupovej sieti 
260 |a Bratislava :  |b STU v Bratislave FEI,  |c 2011 
300 |a 72 s 
650 7 |a Telekomunikácie  |2 stusub 
650 7 |a Telecommunications  |2 estusub 
650 7 |a ethernet  |2 estusub 
650 7 |a optické siete  |2 stusub 
650 7 |a prístupové siete  |2 stusub 
700 1 |a Róka, Rastislav,  |d 1972-  |4 ths  |u E070  |U FEI Fakulta elektrotechniky a informatiky  |T FEI Ústav telekomunikácií  |X 1946  |U E070  |Y 818  |7 A000001946 
856 4 |a info a plný text  |u http://is.stuba.sk/zp/portal_zp.pl?podrobnosti=59731  |3 VAIS 
996 |b 284EP09719  |c E*DIPL-9719  |l EE16  |s P  |a 0  |w stu230453_0001